[Event "3rd 4NCL Easter Congress"]
[Site "Mercure Daventry Court Hotel"]
[Date "2023.04.08"]
[Round "3"]
[Board "20"]
[White "Thompson, Ian D"]
[Black "Dicen, Elis Denele"]
[Result "1-0"]
[WhiteElo "2078"]
[BlackElo "1872"]
[PlyCount "155"]
[EventDate "2023.04.07"]
[EventRounds "7"]
[EventCountry "ENG"]

1. c4 e6 2. Nc3 d5 3. d4 Nf6 4. Bg5 Be7 5. e3 Nbd7 6. Qc2 O-O 7. cxd5 exd5 8. Bd3
h6 9. Bh4 c6 10. Nge2 Re8 11. O-O Ne4 12. Bxe7 Qxe7 13. b4 Ndf6 14. b5 Bd7 15. bxc6
bxc6 16. Rab1 g6 17. Na4 Ng4 18. Bxe4 dxe4 19. h3 Nf6 20. Nc5 Qd6 21. Nc3 Bf5 22.
Rb7 Bc8 23. Rb2 Bf5 24. Rc1 Re7 25. Rcb1 Rae8 26. Rb7 Bc8 27. Rxe7 Qxe7 28. Rb3 Kg7
29. Ra3 Bf5 30. Ra6 Nd5 31. a3 Qh4 32. Rxa7 Nxe3 33. fxe3 Qe1+ 34. Kh2 Qxe3 35. Ne2
Qg5 36. Qc4 Qf6 37. Rb7 e3 38. Rb2 Qd6+ 39. Kg1 Qf6 40. Ng3 Bc8 41. Nce4 Qf4 42.
Qxc6 Rd8 43. Qc5 Re8 44. Qc6 Rd8 45. Ne2 Qf5 46. N2g3 Qf4 47. Qc4 Be6 48. Qf1 Qh4
49. Kh2 Rxd4 50. Rb4 Rxb4 51. axb4 Bd5 52. Qa1+ Kf8 53. Qh8+ Ke7 54. Qe5+ Be6 55.
Qc5+ Ke8 56. Qxe3 Kf8 57. Qc5+ Kg8 58. Qe5 Qe7 59. Nf6+ Kf8 60. Nd5 f6 61. Nxf6 Qf7
62. Nfe4 Qe7 63. Qh8+ Kf7 64. Qh7+ Ke8 65. Qxg6+ Bf7 66. Nd6+ Kf8 67. Qxf7+ Qxf7
68. Nxf7 Kxf7 69. Ne4 Kg7 70. b5 h5 71. b6 h4 72. b7 Kh7 73. b8=Q Kh6 74. Qf8+ Kh7
75. Qf6 Kg8 76. Nd6 Kh7 77. Nf5 Kg8 78. Qg7#  1-0

[Event "3rd 4NCL Easter Congress"]
[Site "Mercure Daventry Court Hotel"]
[Date "2023.04.08"]
[Round "3"]
[Board "21"]
[White "Madhavan, Sanjith"]
[Black "Gurner, Jem"]
[Result "1-0"]
[WhiteElo "1961"]
[BlackElo "1851"]
[PlyCount "91"]
[EventDate "2023.04.07"]
[EventRounds "7"]
[EventCountry "ENG"]

1. e4 g6 2. d4 Bg7 3. Nc3 d6 4. Be3 a6 5. Qd2 b5 6. O-O-O Bb7 7. h4 b4 8. Nce2 Bxe4
9. f3 Bb7 10. Qxb4 Qc8 11. Nh3 Nd7 12. h5 Nb6 13. Nef4 Nf6 14. c4 a5 15. Qc3 Nfd7
16. hxg6 hxg6 17. Qc2 Nf8 18. Bd3 Qd7 19. Kb1 O-O-O 20. Rhe1 Bf6 21. d5 Na4 22. Bc1
Nc5 23. Nf2 Qa4 24. Qxa4 Nxa4 25. Ne4 Nd7 26. Nxf6 exf6 27. Bd2 g5 28. Nh3 Nac5 29.
Bxa5 Nxd3 30. Rxd3 Ne5 31. Rd4 Rxh3 32. gxh3 Nxf3 33. Re7 Rh8 34. Rde4 Ne5 35. Bxc7
f5 36. Re1 Nxc4 37. Rc1 Bxd5 38. b3 Be4+ 39. Ka1 Ne3 40. Bxd6+ Kd8 41. Rec7 Rxh3
42. Be7+ Ke8 43. Bxg5 Nd5 44. Rb7 Nc3 45. Ra7 Kf8 46. Bf6  1-0

[Event "3rd 4NCL Easter Congress"]
[Site "Mercure Daventry Court Hotel"]
[Date "2023.04.08"]
[Round "3"]
[Board "23"]
[White "Gibson, Christopher A"]
[Black "Kay, Lee P"]
[Result "1-0"]
[WhiteElo "1841"]
[BlackElo "1923"]
[PlyCount "73"]
[EventDate "2023.04.07"]
[EventRounds "7"]
[EventCountry "ENG"]

1. e4 g6 2. d4 Bg7 3. Nc3 c6 4. f4 d5 5. e5 Nh6 6. Nf3 O-O 7. Be3 f6 8. h3 Qb6 9.
Qd2 Qxb2 10. Rb1 Qa3 11. Rb3 Qa5 12. Bd3 Qc7 13. O-O b6 14. g4 f5 15. g5 Nf7 16.
Qg2 e6 17. Be2 Ba6 18. Bxa6 Nxa6 19. Qe2 Nb8 20. Na4 Rc8 21. c4 dxc4 22. Qxc4 b5
23. Qxe6 bxa4 24. Rc3 Nd7 25. Rfc1 c5 26. dxc5 Qc6 27. Qxc6 Rxc6 28. Nd4 Rac8 29.
Nxc6 Rxc6 30. Rc4 Nf8 31. Rxa4 Nxg5 32. fxg5 Bxe5 33. Rxa7 f4 34. Bf2 Bd6 35. Rd1
Bxc5 36. Bxc5 Rxc5 37. h4  1-0

[Event "3rd 4NCL Easter Congress"]
[Site "Mercure Daventry Court Hotel"]
[Date "2023.04.08"]
[Round "3"]
[Board "24"]
[White "Pyda, Arjun"]
[Black "Sandhu, Manvith"]
[Result "0-1"]
[WhiteElo "1692"]
[BlackElo "1860"]
[PlyCount "72"]
[EventDate "2023.04.07"]
[EventRounds "7"]
[EventCountry "ENG"]

1. e4 c5 2. Nf3 e6 3. d4 cxd4 4. Nxd4 a6 5. c4 Nf6 6. Nc3 Qc7 7. a3 Be7 8. Be2 O-O
9. O-O d6 10. Be3 Nbd7 11. Qc2 b6 12. f3 Bb7 13. Rac1 Rfe8 14. Rfd1 Rac8 15. Qb3
Nc5 16. Qa2 Qb8 17. Nb3 Ba8 18. a4 Bd8 19. Bf4 Bc7 20. Nxc5 bxc5 21. Rd2 Nh5 22.
Bg3 Nxg3 23. hxg3 d5 24. cxd5 Bxg3 25. dxe6 fxe6 26. Rcd1 Qf4 27. Bc4 Qh6 28. Kf1
Qh1+ 29. Ke2 Qxg2+ 30. Ke3 Bf4+ 31. Kd3 Rcd8+ 32. Nd5 Bxd2 33. Rxd2 Qxf3+ 34. Kc2
exd5 35. Bxd5+ Bxd5 36. Rxd5 Qxe4+  0-1

[Event "3rd 4NCL Easter Congress"]
[Site "Mercure Daventry Court Hotel"]
[Date "2023.04.08"]
[Round "3"]
[Board "25"]
[White "Turner, Lewis A"]
[Black "Hertog, Alexander"]
[Result "1-0"]
[WhiteElo "1825"]
[BlackElo "1585"]
[PlyCount "55"]
[EventDate "2023.04.07"]
[EventRounds "7"]
[EventCountry "ENG"]

1. e4 c6 2. d4 d5 3. e5 c5 4. dxc5 e6 5. Nf3 Bxc5 6. Bd3 Nc6 7. a3 Nge7 8. b4 Bb6
9. Bb2 a6 10. O-O Ng6 11. Re1 Ba7 12. g3 b5 13. Nbd2 Bb7 14. Nb3 Qe7 15. Qe2 O-O
16. h4 Qd7 17. Nbd2 Nge7 18. Ng5 g6 19. Ndf3 Nc8 20. Rad1 Nb6 21. Nh2 Qc7 22. Ng4
Nc4 23. Bxc4 dxc4 24. Nf6+ Kg7 25. Rd7 Qb6 26. Nxe6+ Kh8 27. Nc5 Bc8 28. e6  1-0

[Event "3rd 4NCL Easter Congress"]
[Site "Mercure Daventry Court Hotel"]
[Date "2023.04.08"]
[Round "3"]
[Board "26"]
[White "Kothari, Jai"]
[Black "Briggs, John Nicholas"]
[Result "1-0"]
[WhiteElo "1722"]
[BlackElo "1994"]
[PlyCount "81"]
[EventDate "2023.04.07"]
[EventRounds "7"]
[EventCountry "ENG"]

1. e4 c5 2. Nf3 Nc6 3. d4 cxd4 4. Nxd4 Qb6 5. Nb3 Nf6 6. Nc3 d6 7. Be3 Qd8 8. f3
Bd7 9. Qd2 a6 10. g4 Ne5 11. Be2 Bc6 12. g5 Nfd7 13. f4 Ng6 14. O-O-O e5 15. f5 Nf4
16. Bxf4 exf4 17. Qxf4 Be7 18. h4 Ne5 19. Nd5 Bxd5 20. Rxd5 Qc7 21. Kb1 O-O-O 22.
Rh3 Kb8 23. Qf2 Rc8 24. Nd4 Ka8 25. Ra3 Qb6 26. Qf1 Rc5 27. Bxa6 Rxd5 28. Bxb7+ Kxb7
29. Rb3 Qxb3 30. Nxb3 Rc5 31. Nxc5+ dxc5 32. c3 Kb6 33. Kc2 Ra8 34. Qd1 Rd8 35. Qh5
Nc4 36. a3 Ne3+ 37. Kb3 c4+ 38. Ka2 g6 39. Qxh7 Bxa3 40. Qxf7 Bd6 41. e5  1-0

[Event "3rd 4NCL Easter Congress"]
[Site "Mercure Daventry Court Hotel"]
[Date "2023.04.08"]
[Round "3"]
[Board "27"]
[White "Boggarapu, Kritan"]
[Black "Gardiner, Eric D"]
[Result "1/2-1/2"]
[WhiteElo "1972"]
[BlackElo "1860"]
[PlyCount "57"]
[EventDate "2023.04.07"]
[EventRounds "7"]
[EventCountry "ENG"]

1. e4 c6 2. d4 d5 3. e5 c5 4. dxc5 e6 5. a3 Bxc5 6. b4 Be7 7. Bb2 a5 8. b5 f6 9.
Bd3 Nh6 10. Nf3 Nd7 11. O-O Nf7 12. exf6 Bxf6 13. Nc3 O-O 14. Re1 Nde5 15. Nxe5 Nxe5
16. Rxe5 Bxe5 17. Qh5 Rf5 18. Bxf5 exf5 19. Re1 g6 20. Qe2 Bg7 21. Rd1 Bd7 22. Rxd5
Qe8 23. Qxe8+ Rxe8 24. g3 Be6 25. Rd2 Bc4 26. a4 g5 27. f3 g4 28. f4 Bf8 29. Kg2
 1/2-1/2

[Event "3rd 4NCL Easter Congress"]
[Site "Mercure Daventry Court Hotel"]
[Date "2023.04.08"]
[Round "3"]
[Board "28"]
[White "Ali, Golam S"]
[Black "Cast, Julian"]
[Result "0-1"]
[WhiteElo "1781"]
[BlackElo "1890"]
[PlyCount "102"]
[EventDate "2023.04.07"]
[EventRounds "7"]
[EventCountry "ENG"]

1. d4 Nf6 2. c4 e5 3. d5 Bc5 4. e3 O-O 5. Nc3 d6 6. Nf3 Nbd7 7. Be2 Ne8 8. e4 f5
9. exf5 Rxf5 10. Bd3 Rf8 11. Bg5 Nef6 12. Qc2 Qe8 13. O-O-O c6 14. Ne4 h6 15. Nxc5
Nxc5 16. Bg6 Qe7 17. Bh4 cxd5 18. Rxd5 Be6 19. Rxc5 dxc5 20. Nxe5 Qc7 21. Re1 Qa5
22. Re3 Rad8 23. f4 Rd4 24. Bxf6 Rxf6 25. f5 Rf4 26. Qe2 Qa4 27. g3 Bxc4 28. Nxc4
Qxc4+ 29. Qxc4+ Rxc4+ 30. Kb1 Rf8 31. a3 b5 32. b3 Rd4 33. Re5 c4 34. Rxb5 cxb3 35.
Rxb3 Rfd8 36. Rb7 R4d7 37. Rb4 Rd6 38. h4 Rb6 39. Kc2 Rxb4 40. axb4 Rd4 41. Kc3 Rg4
42. h5 Kf8 43. b5 Ke7 44. Kb3 Kd6 45. Kc3 Kc5 46. Be8 Rxg3+ 47. Kd2 Rg5 48. Ke3 Rxf5
49. Ke4 Rg5 50. Kf4 Kd6 51. Ke4 Re5+  0-1

[Event "3rd 4NCL Easter Congress"]
[Site "Mercure Daventry Court Hotel"]
[Date "2023.04.09"]
[Round "4"]
[Board "1"]
[White "Okhai, Shabir"]
[Black "Hebden, Mark L"]
[Result "0-1"]
[WhiteElo "2127"]
[BlackElo "2430"]
[PlyCount "98"]
[EventDate "2023.04.07"]
[EventRounds "7"]
[EventCountry "ENG"]

1. e4 e5 2. Nf3 Nc6 3. Bc4 Nf6 4. d3 Be7 5. O-O O-O 6. Re1 d6 7. a4 Be6 8. Bxe6 fxe6
9. c3 Qe8 10. b4 Qg6 11. Be3 Nh5 12. h3 Nf4 13. Bxf4 Rxf4 14. Nbd2 Raf8 15. Re3 Nb8
16. Qb3 Nd7 17. Rf1 Kh8 18. a5 c6 19. a6 b5 20. d4 Bd8 21. c4 exd4 22. Nxd4 Bb6 23.
c5 dxc5 24. Nxe6 c4 25. Nxf8 Qd6 26. Qc3 Bd4 27. Qa3 Rxf8 28. Rf3 Re8 29. Rf7 Kg8
30. Rf5 g6 31. Rg5 Bf6 32. Nf3 Bxg5 33. Nxg5 Ne5 34. Qe3 Re7 35. f4 Nf7 36. Nxf7
Rxf7 37. Qc3 c5 38. bxc5 Qxc5+ 39. Kh1 b4 40. Qd2 c3 41. Qa2 Kg7 42. f5 gxf5 43.
g4 Qc6 44. gxf5 Qxe4+ 45. Kh2 Rd7 46. f6+ Kf8 47. Rf2 Qe5+ 48. Kg2 Qd5+ 49. Qxd5
Rxd5  0-1

[Event "3rd 4NCL Easter Congress"]
[Site "Mercure Daventry Court Hotel"]
[Date "2023.04.09"]
[Round "4"]
[Board "2"]
[White "Shearsby, Jude"]
[Black "Valdepenas Octavio, Javier"]
[Result "1/2-1/2"]
[WhiteElo "2041"]
[BlackElo "2210"]
[PlyCount "50"]
[EventDate "2023.04.07"]
[EventRounds "7"]
[EventCountry "ENG"]

1. e4 e5 2. Nf3 Nc6 3. Bb5 a6 4. Ba4 Nf6 5. O-O Be7 6. Re1 b5 7. Bb3 d6 8. c3 O-O
9. h3 Nb8 10. d4 Nbd7 11. Nbd2 Bb7 12. Bc2 Re8 13. Nf1 Bf8 14. Ng3 g6 15. b3 exd4
16. cxd4 c5 17. Bb2 Bg7 18. Qd2 cxd4 19. Bxd4 Rc8 20. Rac1 Nc5 21. Rcd1 Ne6 22. Ba1
Qb6 23. Bb1 Red8 24. Nd4 d5 25. Nxe6 Qxe6  1/2-1/2

[Event "3rd 4NCL Easter Congress"]
[Site "Mercure Daventry Court Hotel"]
[Date "2023.04.09"]
[Round "4"]
[Board "3"]
[White "Arkell, Keith C"]
[Black "Khoury, Theo"]
[Result "1-0"]
[WhiteElo "2392"]
[BlackElo "2020"]
[PlyCount "113"]
[EventDate "2023.04.07"]
[EventRounds "7"]
[EventCountry "ENG"]

1. c4 e5 2. Nc3 Nf6 3. g3 Bb4 4. Bg2 O-O 5. d3 Bxc3+ 6. bxc3 c6 7. Nf3 Re8 8. Nd2
d5 9. cxd5 cxd5 10. O-O Be6 11. c4 Nc6 12. cxd5 Bxd5 13. Bxd5 Qxd5 14. Bb2 Rad8 15.
Qb3 Qd7 16. Ne4 Nxe4 17. dxe4 Re6 18. Rad1 Rd6 19. Rxd6 Qxd6 20. Rc1 Qd7 21. Kg2
h6 22. Rc5 Qd1 23. Qxb7 Qxe2 24. Qxc6 Qxb2 25. Qc7 Re8 26. Qd7 Rf8 27. Qd5 Qe2 28.
Ra5 Kh8 29. Rxa7 f5 30. Ra8 Rxa8 31. Qxa8+ Kh7 32. exf5 e4 33. Qa3 e3 34. Qxe3 Qxa2
35. Qe4 Kh8 36. Qe8+ Kh7 37. Qg6+ Kh8 38. f6 Qd5+ 39. f3 Qa2+ 40. Kh3 Qe6+ 41. Kh4
gxf6 42. Qxh6+ Kg8 43. Qg6+ Kf8 44. f4 Ke7 45. Qg7+ Kd6 46. Kh5 Qh3+ 47. Kg6 Qxh2
48. Qxf6+ Kc7 49. Qe5+ Kb6 50. f5 Qh3 51. Qd6+ Kb7 52. f6 Qg4+ 53. Kh6 Qh3+ 54. Kg7
Qg4+ 55. Kf8 Qc8+ 56. Ke7 Qg8 57. Qd7+  1-0

[Event "3rd 4NCL Easter Congress"]
[Site "Mercure Daventry Court Hotel"]
[Date "2023.04.09"]
[Round "4"]
[Board "4"]
[White "Davies, Nigel R"]
[Black "Fava, Lorenzo"]
[Result "1-0"]
[WhiteElo "2381"]
[BlackElo "2107"]
[PlyCount "40"]
[EventDate "2023.04.07"]
[EventRounds "7"]
[EventCountry "ENG"]

1. d4 Nf6 2. Nf3 e6 3. c4 b6 4. e3 Bb7 5. Bd3 c5 6. O-O Be7 7. Nc3 cxd4 8. exd4 d5
9. cxd5 Nxd5 10. Ne5 O-O 11. Qg4 Nd7 12. Bh6 Bf6 13. Qe4 Re8 14. Qxh7+ Kf8 15. Nxd5
Bxd5 16. Bd2 a5 17. Rfe1 Ke7 18. Qh5 g6 19. Qh7 Ra7 20. Rac1 Nf8  1-0

[Event "3rd 4NCL Easter Congress"]
[Site "Mercure Daventry Court Hotel"]
[Date "2023.04.09"]
[Round "4"]
[Board "5"]
[White "Villiers, Thomas"]
[Black "Verma, Aditya"]
[Result "0-1"]
[WhiteElo "2160"]
[BlackElo "2149"]
[PlyCount "144"]
[EventDate "2023.04.07"]
[EventRounds "7"]
[EventCountry "ENG"]

1. e4 c5 2. Nf3 d6 3. d4 cxd4 4. Nxd4 Nf6 5. Nc3 g6 6. Be3 Bg7 7. Be2 Nc6 8. Qd2
O-O 9. O-O Bd7 10. Rfd1 Ne5 11. f3 a6 12. a4 Rc8 13. a5 Qc7 14. Na4 Bxa4 15. Rxa4
d5 16. exd5 Nxd5 17. Bf2 Rfd8 18. c4 Nf6 19. b3 Nc6 20. Qe1 Nxd4 21. Bxd4 Ng4 22.
fxg4 Rxd4 23. Bf3 Rcd8 24. Rxd4 Bxd4+ 25. Kh1 Be5 26. h3 Rd3 27. Qb1 Re3 28. Ra2
Bd4 29. Re2 Rc3 30. Qe4 Qg3 31. Qxd4 Rc1+ 32. Qg1 Rxg1+ 33. Kxg1 Qc7 34. Kh1 e6 35.
Ra2 b6 36. axb6 Qxb6 37. c5 Qxc5 38. Rxa6 Qb4 39. Ra7 Qxb3 40. Rb7 Qc3 41. Kh2 Kg7
42. Rd7 Qe3 43. Rb7 Qf4+ 44. Kh1 Kf6 45. Rb1 Kg5 46. Rf1 f5 47. gxf5 gxf5 48. g3
Qe3 49. Kg2 e5 50. Rf2 h5 51. h4+ Kg6 52. Bc6 f4 53. gxf4 exf4 54. Bf3 Qd4 55. Re2
Qc3 56. Re8 Kf5 57. Rf8+ Ke5 58. Re8+ Kd6 59. Rd8+ Ke7 60. Rd5 Qe1 61. Bxh5 Qxh4
62. Rb5 Qg3+ 63. Kh1 f3 64. Rb2 Qh3+ 65. Kg1 Qxh5 66. Rf2 Ke6 67. Rh2 Qg4+ 68. Kh1
Ke5 69. Rb2 Qd4 70. Rf2 Kf4 71. Kh2 Qxf2+ 72. Kh1 Ke5  0-1

[Event "3rd 4NCL Easter Congress"]
[Site "Mercure Daventry Court Hotel"]
[Date "2023.04.09"]
[Round "4"]
[Board "6"]
[White "McCumiskey, Andrew P"]
[Black "Turner, Max N"]
[Result "0-1"]
[WhiteElo "2001"]
[BlackElo "2264"]
[PlyCount "60"]
[EventDate "2023.04.07"]
[EventRounds "7"]
[EventCountry "ENG"]

1. d4 Nf6 2. Nc3 d5 3. Bf4 a6 4. e3 b5 5. a3 Nbd7 6. Nf3 e6 7. Bd3 Bb7 8. Ne5 c5
9. dxc5 Bxc5 10. O-O Nxe5 11. Bxe5 Bd6 12. Bxd6 Qxd6 13. Ne4 dxe4 14. Bxb5+ Ke7 15.
Qxd6+ Kxd6 16. Rfd1+ Ke7 17. Ba4 Rhd8 18. Rd4 Rxd4 19. exd4 Rc8 20. c3 Nd5 21. Rc1
Nb6 22. Bd1 a5 23. b3 a4 24. bxa4 Ba6 25. Bb3 Nc4 26. Bc2 f5 27. f3 exf3 28. gxf3
Nxa3 29. Bb3 Rb8 30. Bd1 Rb1  0-1

[Event "3rd 4NCL Easter Congress"]
[Site "Mercure Daventry Court Hotel"]
[Date "2023.04.09"]
[Round "4"]
[Board "7"]
[White "Burrows, Martin P"]
[Black "Baer, Bruce L"]
[Result "1-0"]
[WhiteElo "2121"]
[BlackElo "1963"]
[PlyCount "54"]
[EventDate "2023.04.07"]
[EventRounds "7"]
[EventCountry "ENG"]

1. e4 g6 2. d4 d6 3. Nc3 Bg7 4. Be3 a6 5. f4 b5 6. Bd3 Nd7 7. Nf3 c5 8. e5 Bb7 9.
Be4 Bxe4 10. Nxe4 Nh6 11. Qe2 O-O 12. O-O-O c4 13. Kb1 d5 14. Nf2 e6 15. g4 c3 16.
h4 Nb6 17. b3 Nc4 18. Bc1 Qa5 19. h5 Rfc8 20. hxg6 Bf8 21. f5 Ba3 22. Rxh6 Bb2 23.
Bxb2 cxb2 24. bxc4 Rxc4 25. Nd2 Rxc2 26. Nb3 Rxe2 27. Nxa5 Rxf2  1-0

[Event "3rd 4NCL Easter Congress"]
[Site "Mercure Daventry Court Hotel"]
[Date "2023.04.09"]
[Round "4"]
[Board "8"]
[White "Dignam, Matthew P"]
[Black "Isik, Muhammed Oguz"]
[Result "1-0"]
[WhiteElo "2057"]
[BlackElo "1683"]
[PlyCount "43"]
[EventDate "2023.04.07"]
[EventRounds "7"]
[EventCountry "ENG"]

1. d4 d5 2. c4 e6 3. Nf3 Nf6 4. g3 c6 5. Bg2 Bb4+ 6. Nbd2 dxc4 7. O-O c3 8. bxc3
Bxc3 9. Ba3 Bxa1 10. Nc4 c5 11. Qxa1 Nc6 12. Bxc5 Ne4 13. Ba3 f6 14. Nh4 f5 15. Bxe4
fxe4 16. Nd6+ Kd7 17. d5 Ne7 18. Nf7 Qf8 19. Ne5+ Ke8 20. d6 Qf6 21. dxe7 g5 22.
Qd4  1-0

[Event "3rd 4NCL Easter Congress"]
[Site "Mercure Daventry Court Hotel"]
[Date "2023.04.09"]
[Round "4"]
[Board "9"]
[White "Chan, Sheng Liang Bernard"]
[Black "Pal, Rohan"]
[Result "1-0"]
[WhiteElo "2043"]
[BlackElo "1849"]
[PlyCount "81"]
[EventDate "2023.04.07"]
[EventRounds "7"]
[EventCountry "ENG"]

1. d4 Nf6 2. c4 e6 3. Nc3 d5 4. cxd5 exd5 5. Bg5 c6 6. e3 Bd6 7. Bd3 O-O 8. Qc2 h6
9. Bh4 Re8 10. Nf3 Be6 11. Ne5 c5 12. Nb5 cxd4 13. Nxd6 Qxd6 14. exd4 Nc6 15. Nxc6
Qxc6 16. Qxc6 bxc6 17. Bxf6 gxf6 18. Kd2 Rab8 19. Kc3 Rb6 20. b4 Ra8 21. Rhb1 Rab8
22. a4 Kf8 23. b5 Bd7 24. a5 R6b7 25. bxc6 Bxc6 26. Rxb7 Rxb7 27. Rb1 Rc7 28. Rb8+
Kg7 29. Kb4 Bd7 30. Ba6 Rc6 31. Bb5 Rc1 32. Rb7 a6 33. Bxa6 Bc8 34. Rb6 Bxa6 35.
Rxa6 Rc4+ 36. Kb5 Rxd4 37. Rd6 Rd1 38. a6 Rb1+ 39. Kc6 Ra1 40. Kb7 d4 41. a7  1-0

[Event "3rd 4NCL Easter Congress"]
[Site "Mercure Daventry Court Hotel"]
[Date "2023.04.09"]
[Round "4"]
[Board "10"]
[White "Mikalajunas, Kajus"]
[Black "Dilley, Jason M"]
[Result "0-1"]
[WhiteElo "1806"]
[BlackElo "2090"]
[PlyCount "102"]
[EventDate "2023.04.07"]
[EventRounds "7"]
[EventCountry "ENG"]

1. e4 g6 2. Nf3 Bg7 3. Bc4 d6 4. O-O c6 5. d3 Nf6 6. Re1 O-O 7. Nbd2 b5 8. Bb3 Nbd7
9. c3 Bb7 10. Nf1 c5 11. Bc2 Qc7 12. Ng3 e6 13. h3 Nb6 14. Be3 Nfd7 15. Qd2 Ne5 16.
Nxe5 dxe5 17. Bh6 Qe7 18. Bxg7 Kxg7 19. Qe3 Nd7 20. f4 exf4 21. Qxf4 e5 22. Qg4 Kh8
23. Rf1 f6 24. h4 Rg8 25. Bb3 Rg7 26. h5 c4 27. h6 Rf7 28. dxc4 bxc4 29. Bxc4 Qc5+
30. Kh2 Qxc4 31. Rad1 Nf8 32. Rd6 f5 33. Qh4 f4 34. Rf6 Kg8 35. Nf5 gxf5 36. Qg5+
Ng6 37. exf5 Rxf6 38. Qxf6 Qf7 39. Qg5 Re8 40. Rd1 Qe7 41. f6 Qe6 42. Rd8 Rxd8 43.
f7+ Kxf7 44. Qxd8 Qd5 45. Qg5 Qxg2+ 46. Qxg2 Bxg2 47. Kxg2 e4 48. b4 Ke6 49. c4 Ne5
50. c5 Kd5 51. a4 Nd3  0-1

[Event "3rd 4NCL Easter Congress"]
[Site "Mercure Daventry Court Hotel"]
[Date "2023.04.09"]
[Round "4"]
[Board "11"]
[White "Yoon, Jacob D"]
[Black "Turner, Lewis A"]
[Result "1-0"]
[WhiteElo "2050"]
[BlackElo "1825"]
[PlyCount "82"]
[EventDate "2023.04.07"]
[EventRounds "7"]
[EventCountry "ENG"]

1. Nf3 g6 2. b3 Bg7 3. d4 Nf6 4. Bb2 O-O 5. e3 d6 6. Be2 c5 7. O-O cxd4 8. Nxd4 Nc6
9. c4 d5 10. Nd2 Nxd4 11. Bxd4 Re8 12. f4 h5 13. h3 dxc4 14. Nxc4 Ne4 15. Bxg7 Kxg7
16. Bf3 Ng3 17. Qxd8 Rxd8 18. Rfd1 Be6 19. Kf2 h4 20. Bxb7 Rxd1 21. Rxd1 Rb8 22.
Na5 f6 23. e4 Rh8 24. a3 Rh5 25. b4 Rb5 26. Bc6 Rb6 27. b5 a6 28. a4 axb5 29. axb5
Kf7 30. Rd4 Ba2 31. Nb7 f5 32. Nc5 fxe4 33. Nd7 e3+ 34. Kxe3 Nf5+ 35. Kd3 Bb1+ 36.
Kc3 Nxd4 37. Kxd4 Rxc6 38. bxc6 Ke8 39. Nb6 Kd8 40. Nd5 e6 41. Nc3 Kc7  1-0

[Event "3rd 4NCL Easter Congress"]
[Site "Mercure Daventry Court Hotel"]
[Date "2023.04.09"]
[Round "4"]
[Board "12"]
[White "Estevez Fernandez, Josue"]
[Black "Walker, Martin G"]
[Result "0-1"]
[WhiteElo "1832"]
[BlackElo "2083"]
[PlyCount "94"]
[EventDate "2023.04.07"]
[EventRounds "7"]
[EventCountry "ENG"]

1. e4 Nf6 2. e5 Nd5 3. d4 d6 4. c4 Nb6 5. f4 dxe5 6. fxe5 Nc6 7. Be3 Bf5 8. Nc3 e6
9. Nf3 Bg4 10. Be2 Bxf3 11. gxf3 Qh4+ 12. Bf2 Qf4 13. c5 Nd7 14. O-O O-O-O 15. Qa4
Be7 16. Rad1 Bh4 17. b4 Bxf2+ 18. Rxf2 Nxd4 19. Qxa7 Nb8 20. b5 Nxe2+ 21. Rxe2 Rxd1+
22. Nxd1 Qc1 23. c6 Qxd1+ 24. Kf2 bxc6 25. bxc6 Qb1 26. Qa3 Qb6+ 27. Kg2 Qa6 28.
Qb2 Rd8 29. Rc2 Rd1 30. Qc3 Qf1+ 31. Kg3 Qe1+ 32. Kf4 Qxc3 33. Rxc3 Rd2 34. h4 Rxa2
35. h5 Ra4+ 36. Kg3 Ra6 37. h6 g6 38. Rd3 Nxc6 39. f4 Ne7 40. Kg4 Ra4 41. Kg5 Nd5
42. Rxd5 exd5 43. Kf6 Rxf4+ 44. Kg7 d4 45. Kxh7 d3 46. Kg7 d2 47. h7 Rh4  0-1

[Event "3rd 4NCL Easter Congress"]
[Site "Mercure Daventry Court Hotel"]
[Date "2023.04.09"]
[Round "4"]
[Board "13"]
[White "Sandhu, Manvith"]
[Black "Thompson, Ian D"]
[Result "1/2-1/2"]
[WhiteElo "1860"]
[BlackElo "2078"]
[PlyCount "35"]
[EventDate "2023.04.07"]
[EventRounds "7"]
[EventCountry "ENG"]

1. e4 e6 2. d4 d5 3. Nc3 Bb4 4. e5 c5 5. a3 Bxc3+ 6. bxc3 Qa5 7. Bd2 Qa4 8. Qb1 c4
9. Nf3 Nc6 10. g3 b6 11. h4 Bd7 12. Bh3 O-O-O 13. O-O f5 14. Ng5 Rf8 15. Bg2 Nh6
16. Nh3 Nf7 17. f4 g6 18. Bf3  1/2-1/2

[Event "3rd 4NCL Easter Congress"]
[Site "Mercure Daventry Court Hotel"]
[Date "2023.04.09"]
[Round "4"]
[Board "14"]
[White "Garcia-Ruiz, Aitor"]
[Black "Madhavan, Sanjith"]
[Result "0-1"]
[WhiteElo "2078"]
[BlackElo "1961"]
[PlyCount "54"]
[EventDate "2023.04.07"]
[EventRounds "7"]
[EventCountry "ENG"]

1. d4 Nf6 2. c4 g6 3. Nc3 Bg7 4. e4 d6 5. f4 O-O 6. Nf3 c5 7. d5 e6 8. Be2 exd5 9.
cxd5 Re8 10. e5 dxe5 11. fxe5 Ng4 12. e6 fxe6 13. d6 Bd7 14. O-O Qb6 15. Bc4 Nc6
16. a4 Nge5 17. Nxe5 Nxe5 18. Be2 Rf8 19. Ra3 c4+ 20. Kh1 Bc6 21. Nb5 Bxb5 22. Be3
Qc6 23. axb5 Qxb5 24. Bd4 Qd5 25. Bc3 Rxf1+ 26. Qxf1 Rf8 27. Qe1 Nd3  0-1

[Event "3rd 4NCL Easter Congress"]
[Site "Mercure Daventry Court Hotel"]
[Date "2023.04.09"]
[Round "4"]
[Board "15"]
[White "Mason, Donald J"]
[Black "Liu, Jason"]
[Result "1/2-1/2"]
[WhiteElo "2067"]
[BlackElo "1965"]
[PlyCount "72"]
[EventDate "2023.04.07"]
[EventRounds "7"]
[EventCountry "ENG"]

1. e4 e6 2. d4 d5 3. e5 c5 4. c3 Nc6 5. Nf3 Nge7 6. Na3 cxd4 7. cxd4 Nf5 8. Nc2 Bd7
9. Bd3 Qb6 10. O-O Nb4 11. Nxb4 Bxb4 12. Kh1 Be7 13. g4 Nh4 14. Nxh4 Bxh4 15. Be3
Be7 16. f4 O-O-O 17. b4 Bb5 18. Bxb5 Qxb5 19. a4 Qd7 20. b5 Kb8 21. Qd3 Rc8 22. Rac1
h5 23. Rxc8+ Qxc8 24. Rc1 Qd7 25. g5 g6 26. Bd2 Rc8 27. Rxc8+ Qxc8 28. Kg2 Qf8 29.
Qc3 Qc8 30. Qxc8+ Kxc8 31. Kf3 Ba3 32. Ke2 Kc7 33. Ba5+ Kd7 34. Bd2 Kc7 35. Ba5+
Kd7 36. Bd2 Kc7  1/2-1/2

[Event "3rd 4NCL Easter Congress"]
[Site "Mercure Daventry Court Hotel"]
[Date "2023.04.09"]
[Round "4"]
[Board "16"]
[White "Gordon, Sean"]
[Black "James, Russell A"]
[Result "0-1"]
[WhiteElo "1753"]
[BlackElo "2068"]
[PlyCount "56"]
[EventDate "2023.04.07"]
[EventRounds "7"]
[EventCountry "ENG"]

1. c4 g6 2. Nc3 Nf6 3. e4 e5 4. Nf3 Bg7 5. Nxe5 O-O 6. f4 Re8 7. d3 b5 8. cxb5 d5
9. Be2 Bb7 10. Bf3 dxe4 11. dxe4 Qxd1+ 12. Kxd1 a6 13. Re1 axb5 14. Nxb5 Na6 15.
Bd2 Rad8 16. Kc2 Bh6 17. g3 Rxe5 18. Bc3 Rxb5 19. Bxf6 Rc5+ 20. Bc3 Bg7 21. Rad1
Re8 22. Kb3 Bxc3 23. bxc3 Bc6 24. c4 Ra5 25. Ra1 Rb8+ 26. Kc2 Ra3 27. Bd1 Nc5 28.
e5 Nd3  0-1

[Event "3rd 4NCL Easter Congress"]
[Site "Mercure Daventry Court Hotel"]
[Date "2023.04.09"]
[Round "4"]
[Board "17"]
[White "White, Stuart A"]
[Black "Vijayakumar, Rishi"]
[Result "1-0"]
[WhiteElo "2051"]
[BlackElo "1846"]
[PlyCount "79"]
[EventDate "2023.04.07"]
[EventRounds "7"]
[EventCountry "ENG"]

1. c4 e5 2. Nc3 Nf6 3. Nf3 Nc6 4. e3 Bb4 5. Qc2 O-O 6. Nd5 Re8 7. Qf5 d6 8. Nxf6+
Qxf6 9. Qxf6 gxf6 10. a3 Bc5 11. b4 Bb6 12. Bb2 Bg4 13. h3 Bxf3 14. gxf3 f5 15. Bd3
f4 16. O-O-O fxe3 17. fxe3 Kh8 18. Be4 a5 19. Bxc6 bxc6 20. d4 axb4 21. axb4 Ra4
22. c5 Ba7 23. Bc3 f6 24. Rhe1 Rb8 25. Kc2 Ra2+ 26. Kd3 dxc5 27. dxc5 Re8 28. Ra1
Rd8+ 29. Kc4 Rxa1 30. Rxa1 Bb8 31. Rg1 Rg8 32. Rxg8+ Kxg8 33. b5 Kf7 34. bxc6 Ke6
35. e4 Ke7 36. Kb5 Kd8 37. Ka6 Kc8 38. Be1 h5 39. Bf2 h4 40. Be3  1-0